| 000 | 00663nam a22002417a 4500 | ||
|---|---|---|---|
| 001 | 30781 | ||
| 003 | UA-OsUOA | ||
| 005 | 20220126124808.0 | ||
| 007 | ta | ||
| 008 | 20041115b un ||||| |||| 00| 0 ukr d | ||
| 040 |
_aUA-OsUOA _brus _cUA-OsUOA _dUA-OsUOA |
||
| 041 | _arus | ||
| 044 | _aRU | ||
| 080 | _a82.09 | ||
| 090 |
_a82.09 _bК64 |
||
| 100 | _aКони А. Ф. | ||
| 245 |
_aВоспоминания о писателях _cА. Ф. Кони ; сост. Г. М. Миронова, Л. Г. Миронова |
||
| 260 |
_aМосква _bПравда _c1989 |
||
| 300 |
_a656 с. _bІлюстрації |
||
| 650 | 7 | _2UDC | |
| 942 |
_cBK _2udc |
||
| 955 | _a0 | ||
| 999 |
_c317196 _d317196 |
||